00600cam a2200181 4500001001100000008004100011035001500052050002800067100004800095245008000143260003100223300002100254500003800275500001200313650003300325650003700358700002300395BFIL009662 1920 spa  aBFIL009662 4aPQ9261b.E3C58 E32 19201 aEca de Queiroz, José María de 1845-1900 3aLa Ciudad y las Sierras : novela /cJ. Eca de Queiroz ; tr. de E. Marquina. aBarcelona :bMaucci,c1920 a285 p. ;c18 cm. aFecha de publicación presumible a1 ejem. 4aNovela PortuguesaxSiglo XIX 4aLiteratura PortuguesaxSiglo XIX1 aMarquina, E.,etr.